Hlas banky časopis Státní banky československé

Salvato in:
Dettagli Bibliografici
Natura: Periodico
Lingua:ceco
Pubblicazione: Praha Státní banka československá
Tags: Aggiungi Tag
Nessun Tag, puoi essere il primo ad aggiungerne!!

MARC

LEADER 00000nas1a22000001 4500
001 s120732
005 20041019155346.5
041 0 |a cze 
044 |a CZ 
245 1 0 |a Hlas banky  |b časopis Státní banky československé 
264 1 |a Praha  |b Státní banka československá